Oceania Leaders - Statistics

General Stats
  • This quiz has been taken 9 times
  • The average score is 4 of 14
Answer Stats
Hint Answer % Correct
Australia Scott Morrison
100%
New Zealand Jacinda Ardern
83%
Fiji Frank Bainimarama
33%
Kiribati Taneti Maamau
33%
Micronesia Daniel Panuelo
17%
Marshall Islands David Kabua
17%
Samoa Fatialofa Momo'e
17%
Papua New Guinea James Marape
17%
Nauru Lionel Aingimea
17%
Solomon Islands Manasseh Sogavare
17%
Palau Surangel Whipps, Jr.
17%
Tuvalu Kausea Natano
0%
Tonga Siaosi Sovaleni
0%
Vanuatu Tallis Obed Moses
0%
No matching quizzes found
Score Distribution
Percent of People with Each Score
Percentile by Number Answered
Your Score History
You have not taken this quiz